Statistics for JToH Difficulties

Click here to take the quiz!

General Stats

  • This quiz has been taken 26 times
  • The average score is 21 of 33

Answer Stats

Color/OtherDifficulty% Correct
GreenEasy
95%
Light Green (Previous)Easy
95%
OrangeHard
95%
MaroonChallenging
91%
RedDifficult
91%
BlueInsane
91%
BlackIntense
91%
YellowMedium
91%
WhiteCatastrophic
86%
Pale BlueExtreme
86%
Black with a Lavender OutlineHorrific
86%
Light Pink (Previous)Horrific
86%
MagentaRemorseless
86%
CyanTerrifying
86%
GrayNil
82%
Black with a Violet OutlineUnreal
82%
Purple (Previous)Unreal
82%
Dark GreenEffortless
64%
Black With An X On ItTooHard
64%
Black (Older)Good Luck Buddy
45%
Light Red (Old)Very Hard
45%
Red (Previous)Very Hard
45%
Magenta (Older)Eggplant
41%
Brown win messageGingerbread
41%
Cyan (Previous)Godspeed
36%
Magenta (Previous)Impossible
36%
White-BlueEpic
32%
Light Yellow win messageKorn
32%
Maroon (Previous)Super Hard
32%
IndigoThanos
32%
Literally Has Its Own Name On Its ImageoooOOOoOOOOooo Above Catastrophic Difficulty OoOOooOOoo
14%
Black With a orange outlineGammattor
5%
Fanmade DifficultyStop
5%

Score Distribution

Percentile by Number Answered

Percent of People with Each Score

Your Score History

You have not taken this quiz